Viaje al centro de la tierra

Uloženo v:
Podrobná bibliografie
Hlavní autor: Verne, Julio (Autor)
Médium: Kniha
Jazyk:španělština
Vydáno: Santiago Andrés Bello 2003
Vydání:5a. ed
Témata:
Tagy: Přidat tag
Žádné tagy, Buďte první, kdo vytvoří štítek k tomuto záznamu!

MARC

LEADER 00000nam a2200000 a 4500
001 UCH8448
003 CL-VaPUC
008 091127e20030000CL |||||||||||||||||spa|d
020 |a 9561310651 
082 0 4 |a 843  |b VER  |2 21 
100 0 |a Verne, Julio  |e author  |9 545028 
245 1 0 |a Viaje al centro de la tierra 
250 |a 5a. ed 
300 |a 189 p 
942 |c BK 
945 |d 20091127 00:00:00 
260 |a Santiago  |b Andrés Bello  |c 2003 
500 |a Versión abreviada de Gisela Silva 
650 0 |a Literatura  |9 259151 
650 0 |a Literatura francesa  |9 266330 
650 0 |a Novela francesa  |9 264985 
650 0 |a Escritores franceses   |9 450149 
650 0 |a Ficción   |9 376687 
650 0 |a Lectura  |9 307634 
651 0 |a Francia  |9 255157 
583 |a last modification  |c 20091127 00:00:00  |k Rodrigo Vera 
999 |c 338660  |d 338658